Detalles MARC
| 000 -CABECERA |
| campo de control de longitud fija |
02366nam a2200301 i 4500 |
| 001 - NÚMERO DE CONTROL |
| campo de control |
000017293 |
| 003 - IDENTIFICADOR DEL NÚMERO DE CONTROL |
| campo de control |
DO-SdBPM |
| 005 - FECHA Y HORA DE LA ÚLTIMA TRANSACCIÓN |
| campo de control |
20260225121222.0 |
| 007 - CAMPO FIJO DE DESCRIPCIÓN FÍSICA--INFORMACIÓN GENERAL |
| campo de control de longitud fija |
ta |
| 008 - DATOS DE LONGITUD FIJA--INFORMACIÓN GENERAL |
| campo de control de longitud fija |
100322s2011 dr a 000 0 spa d |
| 020 ## - NÚMERO INTERNACIONAL ESTÁNDAR DEL LIBRO |
| Número Internacional Estándar del Libro |
9789945465082 |
| 040 ## - FUENTE DE LA CATALOGACIÓN |
| Centro catalogador/agencia de origen |
DO-SdBPM |
| Lengua de catalogación |
spa |
| Centro/agencia transcriptor |
BPMSU |
| Normas de descripción |
rda |
| Centro/agencia modificador |
|
| 082 #4 - NÚMERO DE LA CLASIFICACIÓN DECIMAL DEWEY |
| Número de clasificación |
398.245 |
| Número de documento/Ítem |
R696f 2011 |
| Número de edición |
22 |
| 100 1# - ENTRADA PRINCIPAL--NOMBRE DE PERSONA |
| Nombre de persona |
Rodríguez Demorizi, Emilio, |
| Fechas asociadas al nombre |
1908-1986 |
| Término indicativo de función/relación |
autor |
| Código de función/relación |
aut. |
| 245 10 - MENCIÓN DE TÍTULO |
| Título |
Fábulas dominicanas / |
| Mención de responsabilidad, etc. |
Emilio Rodríguez Demorizi ; |
| 264 #4 - PRODUCCIÓN, PUBLICACIÓN, DISTRIBUCIÓN, FABRICACIÓN Y COPYRIGHT |
| Producción, publicación, distribución, fabricación y copyright |
Santo Domingo : |
| Nombre del de productor, editor, distribuidor, fabricante |
Editorial ECP, |
| Fecha de producción, publicación, distribución, fabricación o copyright |
2011 |
| 300 ## - DESCRIPCIÓN FÍSICA |
| Extensión |
122 páginas : |
| Otras características físicas |
ilustraciones ; |
| Dimensiones |
32 cm. |
| 336 ## - TIPO DE CONTENIDO |
| Término de tipo de contenido |
texto |
| Código de tipo de contenido |
txt |
| Fuente |
rdacontent |
| 337 ## - TIPO DE MEDIO |
| Nombre/término del tipo de medio |
sin mediación |
| Código del tipo de medio |
n |
| Fuente |
rdamedia |
| 338 ## - TIPO DE SOPORTE |
| Nombre/término del tipo de soporte |
volumen |
| Código del tipo de soporte |
nc |
| Fuente |
rdacarrier |
| 505 0# - NOTA DE CONTENIDO CON FORMATO |
| Nota de contenido con formato |
Introducción, 9.-- José Núñez de Cáceres (1772-1846). La lechuza y la cigüeña, 21.-- El conejo, los corderos y el pastor, 26.-- La araña y el águila, 31.-- El mulo y la acémila, 34.-- El lobo y la raposa, 37.-- El abejarrón y la abeja, 42.-- El palomo, la paloma y la lechuza, 45.-- los topos en consejo, 50.-- El burro estudiante y el mulo médico, 55.-- El camello y el dromedario, 59.-- El tigre y el lobo reconciliados, 64.-- Felipe Dávila Fernández de Castro (1804-1879). Los tres relojes, 71.-- El borrico basurero, 74.-- El tordo diputado, 79.-- Las mariposas y el elefante, 85.-- El arco y el ídolo, 88.-- El león y sus vasallos, 90.-- Félix María del Monte (1819-1899). El hombre, el árbol y el toro, 95.-- Nicolás Ureña de Mendoza (1822-1875). El loro y el ratón, 103.-- Juan Antonio Alix (1833-1917). Fábula de los tres leones, 111.-- M. de J. de Peña y Reynoso (1834-1915). Las dos palmas, 115.-- El tocoloro, 119.-- El calórico y la luz, 122.-- José Dubeau y Bremón (1857-1925). El águila, el león y la zorra, 127.-- Pablo Pumarol (1856-1889). El petirre y el murciélago, 133.-- El carpintero y el gavilán, 137.-- Los pavos y el avestruz, 141.-- El gallo y el pollo, 144.-- El alcatraz y el reiconso, 147.-- José María Jiménez (1860-1942). La nube y el trueno, 153.-- Luis Emilio Garrido (1874-1904). A rey muerto, 159.-- Fábulas diversas. La fragata y la canoa, 165. |
| 590 ## - NOTA LOCAL (RLIN) |
| Nota local |
Inventariado, 2026/VM |
| 650 #7 - PUNTO DE ACCESO ADICIONAL DE MATERIA--TÉRMINO DE MATERIA |
| Término de materia o nombre geográfico como elemento de entrada |
Poesía dominicana |
| 650 #7 - PUNTO DE ACCESO ADICIONAL DE MATERIA--TÉRMINO DE MATERIA |
| Término de materia o nombre geográfico como elemento de entrada |
Autores dominicanos |
| Subdivisión de forma |
Biografías |
| 650 #7 - PUNTO DE ACCESO ADICIONAL DE MATERIA--TÉRMINO DE MATERIA |
| Término de materia o nombre geográfico como elemento de entrada |
Fábulas |
| Subdivisión general |
Animales y leyendas |
| 910 ## - DATOS DE OPCIÓN DEL USUARIO (OCLC) |
| Datos de opción del usuario |
VMateo V. Control de calidad. BPMSU |
| 942 ## - ELEMENTOS DE PUNTO DE ACCESO ADICIONAL (KOHA) |
| Fuente del sistema de clasificación o colocación |
Dewey Decimal Classification |
| Tipo de ítem Koha |
Libros |